Dzieła sztuki - quiz obrazkowy #2 - Statystyki

Ogólne statystyki
  • Ten quiz został rozwiązany 242 razy
  • Średni wynik to 8 z 15
Statystyki odpowiedzi
Obrazkowy Odpowiedź % Poprawnych
Leonardo da Vinci /
Mona Lisa
99%
Edvard Munch /
Krzyk
97%
Vincent van Gogh /
Słoneczniki
93%
Sandro Botticelli /
Narodziny Wenus
78%
Pablo Picasso /
Panny z Awinionu
68%
Claude Monet /
Lilie wodne
61%
Jan Matejko /
Unia Lubelska
60%
Michelangelo /
David
55%
Auguste Rodin /
Myśliciel
54%
Francisco de Goya /
Rozstrzelanie powstańców madryckich
30%
Pierre-Auguste Renoir /
Bal w Moulin de la Galette
30%
Rafael Santi/
Madonna Sykstyńska
27%
Paul Gauguin /
Skąd przychodzimy? ...
25%
Wassily Kandinsky /
Kompozycja 8
18%
Georges Seurat /
Niedzielne popołudnie na wyspie Grande Jatte
11%
Nie znaleziono quizów pasujących do podanych kryteriów
Rozkład punktacji
Procent ludzi z każdym wynikiem
Percentyl według liczby udzielonych odpowiedzi
Twoja historia wyników
Nie rozwiązałeś tego quizu